000 00282nam a22000977a 4500
999 _c517184
_d517184
082 _aTNC B16x5444 K128
100 _aKamble,N.D.
_924632
245 _aRural growth and decline :
_bA case study of selected villages
_cBy N.D. Kamble
260 _aNew Delhi
_bAshish
_c1979
300 _a143p.